[Event "ChampionshipRT"]
[Site "?"]
[Date "2015.10.05"]
[Round "4.7"]
[White "Rodchenkov, Vitaly"]
[Black "Gilyazitdinov, Nikita"]
[Result "1-0"]
[LiveChessVersion "1.4.6"]
[BlackElo "2015"]
[WhiteElo "2327"]

1. Nf3 {[%clk 1:30:58]} Nf6 {[%clk 1:30:54]} 2. d4 {[%clk 1:30:53]} g6
{[%clk 1:31:18]} 3. Nc3 {[%clk 1:31:15]} d5 {[%clk 1:31:41]} 4. Bg5
{[%clk 1:31:38]} Bg7 {[%clk 1:32:06]} 5. Bxf6 {[%clk 1:30:50]} Bxf6
{[%clk 1:32:30]} 6. e4 {[%clk 1:31:15]} dxe4 {[%clk 1:32:54]} 7. Nxe4
{[%clk 1:31:40]} Bg7 {[%clk 1:33:01]} 8. Bc4 {[%clk 1:31:53]} O-O
{[%clk 1:33:02]} 9. Qe2 {[%clk 1:31:13]} Nd7 {[%clk 1:24:18]} 10. Rd1
{[%clk 1:30:59]} Nf6 {[%clk 1:22:27]} 11. Nxf6+ {[%clk 1:31:13]} exf6
{[%clk 1:21:36]} 12. O-O {[%clk 1:31:27]} Bf5 {[%clk 1:17:57]} 13. Bb3
{[%clk 1:30:40]} Qd7 {[%clk 1:09:26]} 14. Qc4 {[%clk 1:30:18]} Bg4
{[%clk 1:05:35]} 15. Rd3 {[%clk 1:28:43]} a5 {[%clk 0:58:19]} 16. a4
{[%clk 1:27:17]} Rad8 {[%clk 0:52:36]} 17. h3 {[%clk 1:27:14]} Bf5
{[%clk 0:51:02]} 18. Rdd1 {[%clk 1:27:36]} Be4 {[%clk 0:49:07]} 19. Qc3
{[%clk 1:17:53]} b6 {[%clk 0:37:40]} 20. Rfe1 {[%clk 1:18:11]} Rfe8
{[%clk 0:36:29]} 21. Nh2 {[%clk 1:14:40]} f5 {[%clk 0:33:00]} 22. Qc4
{[%clk 1:14:02]} c6 {[%clk 0:31:31]} 23. Qa6 {[%clk 1:10:13]} Qc7
{[%clk 0:22:56]} 24. Qc4 {[%clk 1:08:38]} Bf8 {[%clk 0:19:14]} 25. Re3
{[%clk 0:46:45]} f4 {[%clk 0:18:16]} 26. Re2 {[%clk 0:46:15]} Bd5
{[%clk 0:17:38]} 27. Qd3 {[%clk 0:46:38]} Rxe2 {[%clk 0:17:44]} 28. Qxe2
{[%clk 0:47:06]} Bxb3 {[%clk 0:18:02]} 29. cxb3 {[%clk 0:47:31]} Qd6
{[%clk 0:17:57]} 30. Nf3 {[%clk 0:46:56]} Qd5 {[%clk 0:17:16]} 31. Qc2
{[%clk 0:45:30]} Bg7 {[%clk 0:17:09]} 32. Rd2 {[%clk 0:45:21]} g5
{[%clk 0:16:16]} 33. Re2 {[%clk 0:23:29]} Bxd4 {[%clk 0:15:01]} 34. Nxd4
{[%clk 0:20:49]} Qxd4 {[%clk 0:15:25]} 35. Qf5 {[%clk 0:21:03]} Rd5
{[%clk 0:05:55]} 36. Re8+ {[%clk 0:19:54]} Kg7 {[%clk 0:06:20]} 37. Qc8
{[%clk 0:20:00]} Rc5 {[%clk 0:05:26]} 38. Rg8+ {[%clk 0:17:46]} Kf6
{[%clk 0:05:49]} 39. Qf8 {[%clk 0:17:52]} Qe5 {[%clk 0:03:33]} 40. Qd8+
{[%clk 0:15:30]} Qe7 {[%clk 0:03:44]} 41. Qxb6 {[%clk 0:15:22]} Qe5
{[%clk 0:01:40]} 42. Qd8+ {[%clk 0:10:57]} Qe7 {[%clk 0:02:03]} 43. Qd3
{[%clk 0:10:48]} Qe5 {[%clk 0:01:03]} 44. Kh2 {[%clk 0:07:29]} Rd5
{[%clk 0:00:39]} 45. Qxh7 {[%clk 0:07:38]} f3+ {[%clk 0:00:50]} 46. g3
{[%clk 0:08:02]} Qe2 {[%clk 0:00:50]} 47. Qh8+ {[%clk 0:03:40]} Kf5
{[%clk 0:00:51]} 48. g4+ {[%clk 0:03:43]} Ke6 {[%clk 0:00:54]} 49. Kg3
{[%clk 0:02:46]} Qf1 {[%clk 0:00:39]} 50. Re8+ {[%clk 0:02:51]} Kd7
{[%clk 0:00:42]} 51. Rd8+ {[%clk 0:03:05]} Kc7 {[%clk 0:01:09]} 52. Rc8+
{[%clk 0:03:24]} Kb6 {[%clk 0:01:07]} 53. Rb8+ {[%clk 0:03:29]} Kc5
{[%clk 0:00:41]} 54. Qc3+ {[%clk 0:03:33]} Kd6 {[%clk 0:01:05]} 55. Qxf3
{[%clk 0:03:39]} Qg1+ {[%clk 0:01:15]} 56. Qg2 {[%clk 0:04:08]} Rd3+
{[%clk 0:01:26]} 57. f3 {[%clk 0:04:25]} Qe1+ {[%clk 0:01:17]} 58. Qf2
{[%clk 0:04:48]} Qxf2+ {[%clk 0:00:37]} 59. Kxf2 {[%clk 0:05:16]} Rd2+
{[%clk 0:00:53]} 60. Kg3 {[%clk 0:05:35]} Rxb2 {[%clk 0:01:17]} 61. h4
{[%clk 0:05:16]} gxh4+ {[%clk 0:01:42]} 62. Kxh4 {[%clk 0:05:44]} c5
{[%clk 0:00:41]} 63. Rb5 {[%clk 0:05:36]} Kd5 {[%clk 0:00:34]} 64. Kg5
{[%clk 0:05:39]} Ke6 {[%clk 0:00:31]} 65. f4 {[%clk 0:05:47]} Ke7
{[%clk 0:00:36]} 66. Rxc5 {[%clk 0:05:42]} Rxb3 {[%clk 0:00:57]} 67. Rxa5
{[%clk 0:06:08]} Ra3 {[%clk 0:00:54]} 68. Ra7+ {[%clk 0:06:26]} Ke6
{[%clk 0:01:09]} 69. f5+ {[%clk 0:06:45]} Ke5 {[%clk 0:01:34]} 70. Rxf7
{[%clk 0:07:07]} Rxa4 {[%clk 0:02:00]} 71. Re7+ {[%clk 0:07:32]} Kd6
{[%clk 0:02:27]} 72. Re2 {[%clk 0:07:55]} 1-0

[Event "ChampionshipRT"]
[Site "?"]
[Date "2015.10.05"]
[Round "4.8"]
[White "Ospennikov, Dmitry V"]
[Black "Garafutdinov, Ainur"]
[Result "1/2-1/2"]
[LiveChessVersion "1.4.6"]
[BlackElo "1998"]
[WhiteElo "2296"]

1. e4 {[%clk 1:30:58]} e5 {[%clk 1:30:58]} 2. Nf3 {[%clk 1:31:22]} Nc6
{[%clk 1:31:25]} 3. Bb5 {[%clk 1:31:38]} Nf6 {[%clk 1:31:52]} 4. Qe2
{[%clk 1:31:43]} d6 {[%clk 1:31:03]} 5. h3 {[%clk 1:31:54]} g6 {[%clk 1:30:20]}
6. c3 {[%clk 1:31:32]} Bg7 {[%clk 1:28:33]} 7. d4 {[%clk 1:31:35]} Bd7
{[%clk 1:27:37]} 8. dxe5 {[%clk 1:30:30]} Nxe5 {[%clk 1:27:30]} 9. Nxe5
{[%clk 1:30:51]} dxe5 {[%clk 1:27:59]} 10. O-O {[%clk 1:30:32]} O-O
{[%clk 1:28:18]} 11. Bg5 {[%clk 1:29:36]} h6 {[%clk 1:24:37]} 12. Bxf6
{[%clk 1:26:33]} Bxf6 {[%clk 1:20:32]} 13. Na3 {[%clk 1:25:53]} c6
{[%clk 1:19:31]} 14. Bc4 {[%clk 1:25:38]} Qe7 {[%clk 1:18:56]} 15. Rfd1
{[%clk 1:24:42]} Bg5 {[%clk 1:07:53]} 16. Rd3 {[%clk 1:17:14]} Rad8
{[%clk 1:08:02]} 17. Rad1 {[%clk 1:16:44]} Bc8 {[%clk 1:08:21]} 18. g3
{[%clk 1:13:46]} Kg7 {[%clk 1:00:17]} 19. h4 {[%clk 1:12:05]} Bf6
{[%clk 1:00:46]} 20. Qe3 {[%clk 1:08:21]} b6 {[%clk 0:58:02]} 21. Nc2
{[%clk 1:06:23]} Rxd3 {[%clk 0:57:13]} 22. Rxd3 {[%clk 1:06:24]} Rd8
{[%clk 0:57:25]} 23. Nb4 {[%clk 1:05:30]} Rxd3 {[%clk 0:55:45]} 24. Nxd3
{[%clk 1:05:06]} Qd7 {[%clk 0:55:09]} 25. Qf3 {[%clk 1:04:05]} h5
{[%clk 0:48:59]} 26. b4 {[%clk 1:03:16]} Qg4 {[%clk 0:43:44]} 27. Kg2
{[%clk 0:59:10]} Qxf3+ {[%clk 0:43:28]} 28. Kxf3 {[%clk 0:59:38]} Kf8
{[%clk 0:43:36]} 29. a4 {[%clk 0:59:35]} Bg7 {[%clk 0:43:34]} 30. b5
{[%clk 0:59:25]} Bg4+ {[%clk 0:43:19]} 31. Ke3 {[%clk 0:59:13]} c5
{[%clk 0:43:17]} 32. Bd5 {[%clk 0:57:05]} Bc8 {[%clk 0:42:22]} 33. a5
{[%clk 0:51:19]} bxa5 34. Nxc5 {[%clk 0:51:21]} Ke7 {[%clk 0:37:26]} 35. Na4
{[%clk 0:50:51]} f6 {[%clk 0:36:44]} 36. c4 {[%clk 0:50:37]} Bd7 {[%clk 0:36:52]}
37. f4 {[%clk 0:47:25]} Bh6 {[%clk 0:36:37]} 38. Kf3 {[%clk 0:47:03]} exf4
{[%clk 0:36:20]} 39. gxf4 {[%clk 0:47:31]} g5 {[%clk 0:36:43]} 40. hxg5
{[%clk 0:45:52]} Bg4+ {[%clk 0:37:09]} 41. Kg3 {[%clk 0:45:08]} fxg5
{[%clk 0:37:36]} 42. fxg5 {[%clk 0:43:36]} Bxg5 {[%clk 0:38:05]} 43. c5
{[%clk 0:41:48]} Bd1 {[%clk 0:29:28]} 44. Nb2 {[%clk 0:38:44]} Be2
{[%clk 0:29:10]} 45. b6 {[%clk 0:31:56]} axb6 {[%clk 0:28:45]} 46. cxb6
{[%clk 0:32:24]} Bf6 {[%clk 0:27:02]} 47. Kf4 {[%clk 0:28:51]} Kd6
{[%clk 0:18:55]} 48. b7 {[%clk 0:28:24]} Kc7 {[%clk 0:18:54]} 49. Na4
{[%clk 0:26:33]} Be7 {[%clk 0:18:32]} 50. Nb6 {[%clk 0:20:21]} Ba6
{[%clk 0:18:08]} 51. Nc4 {[%clk 0:20:25]} Bxc4 {[%clk 0:18:23]} 52. Bxc4
{[%clk 0:20:53]} Kxb7 {[%clk 0:18:49]} 53. Bf7 {[%clk 0:20:38]} h4
{[%clk 0:19:09]} 54. e5 {[%clk 0:20:45]} a4 {[%clk 0:19:31]} 55. Ba2
{[%clk 0:21:02]} a3 {[%clk 0:19:56]} 56. e6 {[%clk 0:21:23]} Kc6 {[%clk 0:20:16]}
57. Ke4 1/2-1/2

[Event "ChampionshipRT"]
[Site "?"]
[Date "2015.10.05"]
[Round "4.9"]
[White "Kuznetsova, Darya"]
[Black "Markelova, Lubov"]
[Result "1-0"]
[LiveChessVersion "1.4.6"]
[BlackElo "2090"]
[WhiteElo "1936"]

1. e4 {[%clk 1:30:58]} c5 {[%clk 1:25:42]} 2. Nf3 {[%clk 1:31:21]} g6
{[%clk 1:25:55]} 3. c3 {[%clk 1:31:42]} Bg7 {[%clk 1:26:09]} 4. d4
{[%clk 1:32:04]} cxd4 {[%clk 1:26:34]} 5. cxd4 {[%clk 1:32:27]} d5
{[%clk 1:26:48]} 6. e5 {[%clk 1:32:49]} Bg4 {[%clk 1:26:23]} 7. h3
{[%clk 1:31:54]} Bxf3 {[%clk 1:23:19]} 8. Qxf3 {[%clk 1:32:13]} e6
{[%clk 1:18:39]} 9. Bb5+ {[%clk 1:28:46]} Nc6 {[%clk 1:06:08]} 10. Bxc6+
{[%clk 1:24:46]} bxc6 {[%clk 1:06:33]} 11. O-O {[%clk 1:24:31]} Qb6
{[%clk 0:55:51]} 12. Rd1 {[%clk 1:18:54]} Ne7 {[%clk 0:51:38]} 13. Nc3
{[%clk 1:13:08]} Nf5 {[%clk 0:39:47]} 14. Qd3 {[%clk 1:12:06]} h5
{[%clk 0:32:46]} 15. b3 {[%clk 1:08:57]} Qb4 {[%clk 0:26:05]} 16. Bb2
{[%clk 1:01:08]} h4 {[%clk 0:15:10]} 17. Na4 {[%clk 0:58:17]} O-O
{[%clk 0:14:19]} 18. Nc5 {[%clk 0:51:48]} Rfc8 {[%clk 0:09:26]} 19. Rac1
{[%clk 0:47:36]} a5 {[%clk 0:08:11]} 20. Rc2 {[%clk 0:45:48]} Bf8
{[%clk 0:06:14]} 21. Nd7 {[%clk 0:42:21]} c5 {[%clk 0:04:05]} 22. a3
{[%clk 0:34:12]} c4 {[%clk 0:01:19]} 23. bxc4 {[%clk 0:33:21]} dxc4
{[%clk 0:01:43]} 24. Qxf5 {[%clk 0:30:16]} Qxb2 {[%clk 0:01:16]} 25. Qe4
{[%clk 0:27:29]} Qb3 {[%clk 0:00:42]} 26. Nf6+ {[%clk 0:25:15]} Kg7
{[%clk 0:01:05]} 27. Qxh4 {[%clk 0:21:11]} Bxa3 {[%clk 0:01:18]} 28. Qh7+
{[%clk 0:21:03]} Kf8 {[%clk 0:01:44]} 29. d5 {[%clk 0:19:58]} Ke7
{[%clk 0:00:37]} 30. d6+ {[%clk 0:18:15]} Bxd6 {[%clk 0:01:02]} 31. Rxd6
{[%clk 0:18:12]} Rd8 {[%clk 0:00:33]} 32. Rcd2 {[%clk 0:14:41]} Qd3
{[%clk 0:00:36]} 33. R2xd3 {[%clk 0:13:33]} cxd3 {[%clk 0:00:48]} 34. Qh4
{[%clk 0:13:21]} a4 {[%clk 0:00:33]} 35. Nd5+ {[%clk 0:13:29]} 1-0

[Event "ChampionshipRT"]
[Site "?"]
[Date "2015.10.05"]
[Round "4.10"]
[White "Belova, Olga"]
[Black "Shkalikova, Marina"]
[Result "0-1"]
[LiveChessVersion "1.4.6"]
[BlackElo "1837"]
[WhiteElo "2049"]

1. e4 {[%clk 1:26:24]} c6 {[%clk 1:30:54]} 2. Nc3 {[%clk 1:26:43]} d5
{[%clk 1:31:07]} 3. Nf3 {[%clk 1:26:55]} Bg4 {[%clk 1:31:06]} 4. h3
{[%clk 1:25:30]} Bh5 {[%clk 1:31:21]} 5. Be2 {[%clk 1:19:55]} e6 {[%clk 1:30:19]}
6. O-O {[%clk 1:17:18]} Nf6 {[%clk 1:29:20]} 7. e5 {[%clk 1:17:37]} Nfd7
{[%clk 1:29:41]} 8. d4 {[%clk 1:17:59]} Be7 {[%clk 1:27:19]} 9. Nh2
{[%clk 1:14:31]} Bxe2 {[%clk 1:25:58]} 10. Nxe2 {[%clk 1:14:52]} c5
{[%clk 1:23:05]} 11. c3 {[%clk 1:15:09]} Nc6 {[%clk 1:14:48]} 12. a3
{[%clk 1:12:20]} Qb6 {[%clk 1:11:09]} 13. b3 {[%clk 1:06:19]} O-O-O
{[%clk 1:00:35]} 14. Be3 {[%clk 1:05:16]} Kb8 {[%clk 0:52:45]} 15. f4
{[%clk 0:54:06]} cxd4 {[%clk 0:49:33]} 16. Nxd4 {[%clk 0:52:43]} Nxd4
{[%clk 0:46:42]} 17. Bxd4 {[%clk 0:49:17]} Bc5 {[%clk 0:45:17]} 18. Nf3
{[%clk 0:48:16]} Rc8 {[%clk 0:44:49]} 19. Rc1 {[%clk 0:45:18]} Bxd4+
{[%clk 0:44:21]} 20. Nxd4 {[%clk 0:43:25]} g6 {[%clk 0:41:39]} 21. Kh2
{[%clk 0:41:16]} h5 {[%clk 0:39:12]} 22. a4 {[%clk 0:36:22]} a6 {[%clk 0:38:32]}
23. Qf3 {[%clk 0:32:52]} Rc7 {[%clk 0:34:28]} 24. b4 {[%clk 0:29:55]} Rc4
{[%clk 0:25:16]} 25. a5 {[%clk 0:25:50]} Qc7 {[%clk 0:25:04]} 26. Qg3
{[%clk 0:22:22]} h4 {[%clk 0:24:41]} 27. Qd3 {[%clk 0:10:36]} g5 {[%clk 0:24:05]}
28. Rfe1 {[%clk 0:06:45]} gxf4 {[%clk 0:23:03]} 29. Nf3 {[%clk 0:07:12]} Qd8
{[%clk 0:21:53]} 30. Nd2 {[%clk 0:06:51]} Rc8 {[%clk 0:21:25]} 31. Nf3
{[%clk 0:06:45]} Qg8 {[%clk 0:14:20]} 32. c4 {[%clk 0:06:48]} Qg3+
{[%clk 0:14:44]} 33. Kh1 {[%clk 0:07:13]} Rhg8 {[%clk 0:14:58]} 34. Re2
{[%clk 0:07:27]} f6 {[%clk 0:14:05]} 35. Qd4 {[%clk 0:06:14]} fxe5
{[%clk 0:10:57]} 36. Nxe5 {[%clk 0:06:33]} Nf6 {[%clk 0:10:10]} 37. Rc3
{[%clk 0:06:27]} Qg5 {[%clk 0:09:13]} 38. Nf7 {[%clk 0:04:32]} Qh5
{[%clk 0:08:04]} 39. Qxf4+ {[%clk 0:04:36]} Ka8 {[%clk 0:06:07]} 40. Rxe6
{[%clk 0:03:40]} Ne4 {[%clk 0:05:08]} 41. Rc1 {[%clk 0:01:51]} Ng3+
{[%clk 0:05:05]} 42. Kh2 {[%clk 0:01:22]} Ne2 {[%clk 0:04:42]} 43. Qf6
{[%clk 0:00:33]} Nxc1 {[%clk 0:01:10]} 44. Rxa6+ {[%clk 0:00:56]} Kb8
{[%clk 0:01:13]} 45. Ne5 {[%clk 0:01:22]} Rxg2+ {[%clk 0:00:53]} 46. Kxg2
{[%clk 0:01:04]} Qe2+ {[%clk 0:01:14]} 47. Kg1 {[%clk 0:00:00]} 0-1

[Event "ChampionshipRT"]
[Site "?"]
[Date "2015.10.06"]
[Round "5.1"]
[White "Samusenko, Maksim"]
[Black "Yandemirov, Valeri"]
[Result "1-0"]
[LiveChessVersion "1.4.6"]
[BlackElo "2376"]
[WhiteElo "2334"]

1. d4 {[%clk 1:30:57]} Nf6 {[%clk 1:30:49]} 2. Bf4 {[%clk 1:31:17]} g6
{[%clk 1:28:36]} 3. Nc3 {[%clk 1:31:26]} d5 {[%clk 1:27:55]} 4. Qd2
{[%clk 1:31:14]} Bg7 {[%clk 1:23:36]} 5. Bh6 {[%clk 1:30:57]} Bxh6
{[%clk 1:12:06]} 6. Qxh6 {[%clk 1:31:19]} c5 {[%clk 1:12:03]} 7. e3
{[%clk 1:31:02]} Nc6 {[%clk 1:06:15]} 8. O-O-O {[%clk 1:28:51]} Qa5
{[%clk 0:58:33]} 9. dxc5 {[%clk 1:07:19]} Qxc5 {[%clk 0:55:49]} 10. f3
{[%clk 1:05:00]} Rg8 {[%clk 0:49:10]} 11. Qg5 {[%clk 0:45:27]} h6
{[%clk 0:41:11]} 12. Qxh6 {[%clk 0:31:27]} g5 {[%clk 0:40:40]} 13. h4
{[%clk 0:27:47]} Rg6 {[%clk 0:28:27]} 14. Qh8+ {[%clk 0:27:53]} Rg8
{[%clk 0:28:52]} 15. hxg5 {[%clk 0:12:14]} Qxe3+ {[%clk 0:27:47]} 16. Kb1
{[%clk 0:12:39]} Rxh8 {[%clk 0:20:31]} 17. Rxh8+ {[%clk 0:13:04]} Kd7
{[%clk 0:20:59]} 18. gxf6 {[%clk 0:13:17]} e6 {[%clk 0:20:03]} 19. Nh3
{[%clk 0:13:27]} b6 {[%clk 0:11:40]} 20. Rf8 {[%clk 0:09:02]} Ne5
{[%clk 0:11:51]} 21. Bb5+ {[%clk 0:07:33]} Kc7 {[%clk 0:11:19]} 22. Re8
{[%clk 0:05:17]} Qh6 {[%clk 0:07:35]} 23. Nxd5+ {[%clk 0:02:46]} exd5
{[%clk 0:07:47]} 24. Rxe5 {[%clk 0:03:14]} Be6 {[%clk 0:05:28]} 25. Ng5
{[%clk 0:02:13]} Qxf6 {[%clk 0:05:53]} 26. f4 {[%clk 0:02:36]} Rh8
{[%clk 0:04:33]} 27. g3 {[%clk 0:02:29]} Rh2 {[%clk 0:03:59]} 28. a3
{[%clk 0:02:20]} Rg2 {[%clk 0:03:39]} 29. Rd3 {[%clk 0:01:34]} Kb7
{[%clk 0:01:51]} 30. Nxe6 {[%clk 0:01:42]} fxe6 {[%clk 0:02:19]} 31. Bd7
{[%clk 0:01:57]} Qg7 {[%clk 0:02:02]} 32. Bxe6 {[%clk 0:02:13]} Rxg3
{[%clk 0:02:25]} 33. Bxd5+ {[%clk 0:02:01]} Kc7 {[%clk 0:02:51]} 34. Rxg3
{[%clk 0:00:58]} Qxg3 {[%clk 0:03:16]} 35. Re4 {[%clk 0:01:18]} Qg4
{[%clk 0:01:53]} 36. Ka2 {[%clk 0:01:18]} Qf5 {[%clk 0:01:56]} 37. c4
{[%clk 0:01:28]} a5 {[%clk 0:01:26]} 38. Re7+ {[%clk 0:01:39]} Kd8
{[%clk 0:01:43]} 39. Rb7 {[%clk 0:01:34]} Qf6 {[%clk 0:02:01]} 40. f5
{[%clk 0:01:34]} Kc8 {[%clk 0:02:03]} 41. Rf7 {[%clk 0:01:53]} Qd4
{[%clk 0:02:24]} 42. f6 {[%clk 0:02:03]} a4 {[%clk 0:01:50]} 43. Rf8+
{[%clk 0:01:58]} Kc7 {[%clk 0:02:12]} 44. f7 {[%clk 0:01:51]} Qd1
{[%clk 0:02:08]} 45. Rc8+ {[%clk 0:01:55]} Kd7 {[%clk 0:02:32]} 46. Rd8+
{[%clk 0:02:15]} Kc7 {[%clk 0:02:56]} 47. c5 {[%clk 0:02:35]} 1-0

[Event "ChampionshipRT"]
[Site "?"]
[Date "2015.10.06"]
[Round "5.2"]
[White "Glukhov, Alexander"]
[Black "Nizamov, Ildar"]
[Result "0-1"]
[LiveChessVersion "1.4.6"]
[BlackElo "2286"]
[WhiteElo "2287"]

1. d4 {[%clk 1:26:18]} Nf6 {[%clk 1:29:29]} 2. c4 {[%clk 1:25:39]} e6
{[%clk 1:27:39]} 3. Nf3 {[%clk 1:24:52]} c5 {[%clk 1:17:38]} 4. d5
{[%clk 1:22:04]} exd5 {[%clk 1:17:43]} 5. cxd5 {[%clk 1:22:26]} Bd6
{[%clk 1:14:28]} 6. Nc3 {[%clk 1:17:04]} Bc7 {[%clk 1:14:46]} 7. e4
{[%clk 1:14:04]} d6 {[%clk 1:15:02]} 8. h3 {[%clk 0:46:51]} a6 {[%clk 1:14:29]}
9. a4 {[%clk 0:47:05]} O-O {[%clk 1:14:07]} 10. Bd3 {[%clk 0:47:32]} Re8
{[%clk 1:09:00]} 11. O-O {[%clk 0:47:35]} Nbd7 {[%clk 1:09:16]} 12. Bf4
{[%clk 0:42:30]} Nf8 {[%clk 1:03:53]} 13. Re1 {[%clk 0:36:28]} Ng6
{[%clk 1:03:33]} 14. Bg3 {[%clk 0:36:52]} Nh5 {[%clk 0:53:05]} 15. Bh2
{[%clk 0:37:18]} Nhf4 {[%clk 0:53:33]} 16. Bf1 {[%clk 0:19:28]} Bd7
{[%clk 0:44:30]} 17. e5 {[%clk 0:08:41]} dxe5 {[%clk 0:43:51]} 18. d6
{[%clk 0:09:06]} Ba5 {[%clk 0:43:57]} 19. Nxe5 {[%clk 0:05:14]} Bxc3
{[%clk 0:42:55]} 20. bxc3 {[%clk 0:05:24]} Qg5 {[%clk 0:42:22]} 21. Bxf4
{[%clk 0:05:09]} Nxf4 {[%clk 0:42:22]} 22. Nxd7 {[%clk 0:04:59]} Nxh3+
{[%clk 0:40:37]} 23. Kh2 {[%clk 0:05:25]} Nxf2 {[%clk 0:40:18]} 24. Qf3
{[%clk 0:01:58]} Rxe1 {[%clk 0:30:39]} 25. Rxe1 {[%clk 0:02:22]} Qh4+
{[%clk 0:31:01]} 26. Kg1 {[%clk 0:02:50]} Ng4 {[%clk 0:31:22]} 27. Qf4
{[%clk 0:03:17]} Qxe1 {[%clk 0:31:42]} 28. Qxg4 {[%clk 0:03:46]} Qe3+
{[%clk 0:32:11]} 29. Kh2 {[%clk 0:00:49]} Qh6+ {[%clk 0:32:21]} 30. Kg1
{[%clk 0:01:16]} Qxd6 {[%clk 0:31:13]} 31. Qf5 {[%clk 0:01:45]} g6
{[%clk 0:22:10]} 32. Nf6+ {[%clk 0:02:11]} Kg7 {[%clk 0:22:28]} 33. Ne4
{[%clk 0:02:36]} Qe7 {[%clk 0:22:13]} 34. Qf4 {[%clk 0:00:35]} Re8
{[%clk 0:21:35]} 35. Nd6 {[%clk 0:00:48]} Rd8 {[%clk 0:20:31]} 36. Nc4
{[%clk 0:01:08]} b5 {[%clk 0:19:09]} 37. axb5 {[%clk 0:01:30]} axb5
{[%clk 0:19:33]} 38. Ne3 {[%clk 0:00:44]} b4 {[%clk 0:18:53]} 39. Bc4
{[%clk 0:00:32]} bxc3 {[%clk 0:18:12]} 40. Nd5 {[%clk 0:00:56]} Qe6
{[%clk 0:10:13]} 41. Nxc3 {[%clk 0:00:40]} Qe1+ {[%clk 0:10:23]} 42. Kh2
{[%clk 0:01:08]} Qxc3 {[%clk 0:10:33]} 43. Qxf7+ {[%clk 0:01:35]} Kh8
{[%clk 0:10:38]} 44. Qe7 {[%clk 0:02:04]} Qd4 {[%clk 0:10:49]} 0-1

[Event "ChampionshipRT"]
[Site "?"]
[Date "2015.10.06"]
[Round "5.3"]
[White "Pavlov, Denis"]
[Black "Toropov, Pavel"]
[Result "1/2-1/2"]
[LiveChessVersion "1.4.6"]
[BlackElo "2262"]
[WhiteElo "2284"]

1. Nf3 {[%clk 1:30:57]} d5 {[%clk 1:27:09]} 2. g3 {[%clk 1:28:54]} Nf6
{[%clk 1:26:20]} 3. Bg2 {[%clk 1:29:17]} c6 {[%clk 1:25:36]} 4. O-O
{[%clk 1:29:15]} Bg4 {[%clk 1:24:18]} 5. c4 {[%clk 1:28:02]} e6 {[%clk 1:24:03]}
6. cxd5 {[%clk 1:26:42]} Bxf3 {[%clk 1:21:33]} 7. Bxf3 {[%clk 1:26:59]} cxd5
{[%clk 1:21:56]} 8. d4 {[%clk 1:27:15]} Nc6 {[%clk 1:22:18]} 9. Nc3
{[%clk 1:27:18]} Be7 {[%clk 1:21:01]} 10. e3 {[%clk 1:27:22]} Rc8
{[%clk 1:20:56]} 11. Bd2 {[%clk 1:26:09]} O-O {[%clk 1:21:03]} 12. Rc1
{[%clk 1:23:22]} Qd7 {[%clk 1:20:33]} 13. Ne2 {[%clk 1:18:43]} Bd6
{[%clk 1:16:43]} 14. Nf4 {[%clk 1:14:29]} Bxf4 {[%clk 1:14:05]} 15. gxf4
{[%clk 1:14:33]} Ne7 {[%clk 1:12:26]} 16. Rxc8 {[%clk 1:13:14]} Rxc8
{[%clk 1:12:55]} 17. Be2 {[%clk 1:09:56]} Nf5 {[%clk 1:12:01]} 18. Bd3
{[%clk 1:09:37]} h6 {[%clk 1:12:10]} 19. Kh1 {[%clk 1:08:17]} Ne4
{[%clk 1:07:14]} 20. Bc1 {[%clk 1:07:18]} Qc7 {[%clk 1:07:01]} 21. Kg1
{[%clk 1:07:08]} a6 {[%clk 1:05:19]} 22. f3 {[%clk 1:06:28]} Ned6
{[%clk 1:05:09]} 23. Qe2 {[%clk 1:05:09]} Qa5 {[%clk 1:03:42]} 24. b3
{[%clk 1:03:54]} Nb5 {[%clk 1:01:31]} 25. a4 {[%clk 1:01:30]} Nbd6
{[%clk 1:01:29]} 26. Bd2 {[%clk 1:00:45]} Qb6 {[%clk 1:01:44]} 27. Rb1
{[%clk 1:00:36]} Rc6 {[%clk 0:55:58]} 28. Be1 {[%clk 0:46:17]} Qc7
{[%clk 0:55:21]} 29. Qd2 {[%clk 0:46:29]} Kh8 {[%clk 0:52:21]} 30. Kf1
{[%clk 0:46:17]} Ne7 {[%clk 0:50:46]} 31. Ke2 {[%clk 0:45:24]} Kg8
{[%clk 0:49:37]} 32. Kd1 {[%clk 0:45:32]} Nef5 {[%clk 0:47:34]} 33. Ke2
{[%clk 0:45:00]} Ne7 {[%clk 0:47:59]} 34. Qb2 {[%clk 0:45:18]} Ndf5
{[%clk 0:28:16]} 35. Bb4 {[%clk 0:41:43]} g5 {[%clk 0:25:05]} 36. Bd2
{[%clk 0:28:58]} Ng6 {[%clk 0:16:02]} 37. Rc1 {[%clk 0:26:24]} Rxc1
{[%clk 0:08:22]} 38. Qxc1 {[%clk 0:26:35]} Qxc1 {[%clk 0:08:49]} 39. Bxc1
{[%clk 0:27:04]} gxf4 {[%clk 0:09:09]} 40. Bxf5 {[%clk 0:12:35]} exf5
{[%clk 0:09:38]} 41. Kd3 {[%clk 0:12:33]} fxe3 {[%clk 0:04:39]} 42. Bxe3
{[%clk 0:12:48]} f4 {[%clk 0:05:06]} 43. Bc1 {[%clk 0:13:10]} Kf8
{[%clk 0:05:25]} 44. Kc3 {[%clk 0:13:28]} Ke7 {[%clk 0:05:44]} 45. Kb4
{[%clk 0:12:43]} Kd6 {[%clk 0:06:13]} 46. Ka5 {[%clk 0:12:31]} Kc6
{[%clk 0:06:41]} 47. b4 {[%clk 0:12:11]} h5 {[%clk 0:06:54]} 48. b5+
{[%clk 0:11:51]} axb5 {[%clk 0:07:20]} 49. axb5+ {[%clk 0:12:18]} Kc7
{[%clk 0:07:48]} 50. Bd2 {[%clk 0:11:42]} Nh4 {[%clk 0:00:45]} 51. Bxf4+
{[%clk 0:11:48]} Kd7 {[%clk 0:01:12]} 52. Kb6 {[%clk 0:11:57]} Nxf3
{[%clk 0:01:41]} 53. Kxb7 {[%clk 0:11:08]} Nxd4 {[%clk 0:02:10]} 54. b6
{[%clk 0:11:19]} Ne6 {[%clk 0:00:40]} 55. Ka7 {[%clk 0:08:45]} Nd8
{[%clk 0:00:47]} 56. b7 {[%clk 0:09:02]} Nc6+ {[%clk 0:00:47]} 57. Kb6
{[%clk 0:07:57]} d4 {[%clk 0:01:16]} 58. h4 {[%clk 0:04:01]} d3 {[%clk 0:01:14]}
59. Kc5 {[%clk 0:02:35]} d2 {[%clk 0:01:29]} 60. Bxd2 {[%clk 0:03:00]} Kc7
{[%clk 0:01:58]} 61. b8=Q+ {[%clk 0:02:08]} Nxb8 {[%clk 0:02:24]} 62. Bf4+
{[%clk 0:02:32]} Kb7 {[%clk 0:02:45]} 63. Kd6 {[%clk 0:02:25]} Nc6
{[%clk 0:03:11]} 64. Be3 {[%clk 0:02:33]} f6 {[%clk 0:03:25]} 1/2-1/2